Los orígenes de Israel
Guardat en:
| Autor principal: | |
|---|---|
| Format: | Llibre |
| Idioma: | espanyol |
| Publicat: |
Pamplona
Verbo Divino
2001
|
| Edició: | 2a. ed |
| Col·lecció: | Cuadernos Bíblicos, 99
|
| Matèries: | |
| Etiquetes: |
Afegir etiqueta
Sense etiquetes, Sigues el primer a etiquetar aquest registre!
|
MARC
| LEADER | 00000nam a2200000 a 4500 | ||
|---|---|---|---|
| 001 | UCG2375 | ||
| 003 | CL-VaPUC | ||
| 008 | 100708e20010000SP |||||||||||||||||spa|d | ||
| 020 | |a 848169259X | ||
| 082 | 0 | 4 | |a 933 |b NOE |2 21 |
| 100 | |a Noël, Damien |e autor |9 536702 | ||
| 245 | 1 | 4 | |a Los orígenes de Israel |
| 250 | |a 2a. ed | ||
| 300 | |a 66 p | ||
| 942 | |c BK | ||
| 945 | |d 20100708 00:00:00 |a dcastane | ||
| 260 | |a Pamplona |b Verbo Divino |c 2001 | ||
| 650 | 7 | |a HISTORIA DE ISRAEL |2 CL-VaPUC |9 438902 | |
| 650 | 0 | |a Génesis |9 334078 | |
| 650 | 7 | |a JOSUE |2 CL-VaPUC |9 545497 | |
| 583 | |a last modification |c 20130326 11:51:23 |k Rodrigo Vera | ||
| 490 | 0 | |a Cuadernos Bíblicos, 99 | |
| 999 | |c 341590 |d 341588 | ||
| 952 | |0 0 |1 0 |4 0 |6 933_000000000000000_NOE_2001 |7 0 |8 A |9 437201 |a BIBTEO |b BIBTEO |d 2019-11-22 |i 4686535 |o 933 NOE 2001 |p 4686535 |r 2025-01-17 |w 2019-11-22 |y BK |k ICR | ||